| 000 | 00000nam##2200000za#4500 |
| 001 | 9.646534 |
| 003 | CaOODSP |
| 005 | 20200514165817 |
| 007 | ta |
| 008 | 150407|1997||||xxc||||| f|0| 0 eng|d |
| 020 | |a0-660-16913-4 |
| 040 | |aCaOODSP|beng |
| 043 | |an-cn--- |
| 086 | 1 |aNH15-171/1997E |
| 110 | 2 |aCanada Mortgage and Housing Corporation. |
| 245 | 10|aLevies, fees, charges, taxes and transaction costs on new housing / |cby Greg Lampert and Marc Denhez. |
| 260 | |aOttawa - Ontario : |bCanada Mortgage and Housing Corporation |c1997. |
| 300 | |ax, 108p. in various pagings. : |bgraphs, tables ; |c28 cm. |
| 500 | |a"This study, examines the levies, fees, charges, taxes and transaction costs which would accrue on modest new housing in 26 municipalities across Canada."--Executive summary. |
| 520 | 3 |aThis study, examines the levies, fees, charges, taxes and transaction costs which would accrue on modest new housing in 26 municipalities across Canada.--Executive summary |
| 563 | |aRing binding |
| 590 | |a97-23|b1997-06-06 |
| 690 | 07|aHousing|2gcpds |
| 720 | 1 |aLampert, Greg |
| 720 | 1 |aDenhez, Marc |
| 775 | 08|tLes impôts, droits, frais, taxes et coûts de transaction sur les logements neufs / |w(CaOODSP)9.680071 |
| 776 | 0#|tLevies, fees, charges, taxes and transaction costs on new housing / |w(CaOODSP)9.694253 |
| 986 | |aPE 0247 |